Normal view
MARC view
- Agnew, P.W ,Kellerman, A.S
Entry Personal Name
001 - CONTROL NUMBER
- control field: 60418
003 - CONTROL NUMBER IDENTIFIER
- control field: NUST
005 - DATE AND TIME OF LATEST TRANSACTION
- control field: 20210628202537.0
008 - FIXED-LENGTH DATA ELEMENTS
- fixed length control field: 210628|| aca||aabn | a|a d
040 ## - CATALOGING SOURCE
- Original cataloging agency: NUST
- Transcribing agency: NUST
100 ## - HEADING--PERSONAL NAME
- Personal name: Agnew, P.W ,Kellerman, A.S
670 ## - SOURCE DATA FOUND
- Source citation: Work cat.: (NUST): Agnew, P.W ,Kellerman, A.S, Distributed multimedia, 1996
